Washington Cities With Hints - Statistics

General Stats
  • This quiz has been taken 11 times
    4 since last reset
  • The average score is 20 of 47
Answer Stats
Hint Answer % Correct
Has the Second Most Skyscrapers in WA; City in a Park Bellevue
100%
Lettuce Capital of the World Kent
100%
Bridge Collapsed in 1940, America's #1 Wired City, The City of Destiny, Grit City Tacoma
100%
Apple Capital of the World Wenatchee
100%
Wine, Agricultural Crops, "Armpit of Washington", The Palm Springs of Washington Yakima
100%
Northernmost City in the Contiguous U.S. with More Than 50,000 People, City of Subdued Excitement Bellingham
67%
The Peace Arch City Blaine
67%
B-Town Burien
67%
The Gateway to Mt. Rainier Enumclaw
67%
Vampires Live Here (According to Twilight) - lots of rain and gloom, Logging Capital of the World Forks
67%
Biggest of the 3 Tri-Cities Kennewick
67%
Longest Beach in WA Long Beach
67%
The City of Tulips Mt. Vernon
67%
The Town, Oly, State Capital Olympia
67%
Starbucks Headquarters, Amazon Headquarters, Emerald City Seattle
67%
Lilac City, Birthplace of Father's Day Spokane
67%
Often Confused With a City with the Same Name in Canada Vancouver
67%
Rat City (Unincorporated) White Center
67%
Port of Missing Men Aberdeen
33%
More Than You Imagined Auburn
33%
For A Day or For A Lifetime Bothell
33%
The Hub City Burlington
33%
Rose City Chehalis
33%
Richest City in Washington Clyde Hill
33%
City of the World Cosmopolis
33%
Milltown, City of Smokestacks Everett
33%
Set The Record for Hottest Temperature Ever Recorded in WA (120F) Hanford
33%
Smelt Capital of the World, City of Friendly People Kelso
33%
The Strawberry City Marysville
33%
The Key City, The City of Dreams Port Townsend
33%
Lentil Capital Pullman
33%
The Windy Town, City of the Bombers, Atomic City Richland
33%
Gateway to the North Cascades Sedro-Wooley
33%
Rhubarb Pie Capital Sumner
33%
Green Town Tumwater
33%
Sweet Onions, The City is so Nice they Named it Twice Walla Walla
33%
City of the Great Blue Heron Algona
0%
Place For All Seasons Chewelah
0%
Washington's Most Livable Community Colville
0%
The Maritime City Gig Harbor
0%
By Land or By Sea Ilwaco
0%
The Gateway to Seattle, The Little City That Could Kirkland
0%
The Gem City Lynden
0%
Home to the Loggers Jubilee Morton
0%
Little Norway Poulsbo
0%
The Land of Generous People Puyallup
0%
The Land Where the Sun Meets the Rain White Salmon
0%
No matching quizzes found
Score Distribution
Percent of People with Each Score
Percentile by Number Answered
Your Score History
You have not taken this quiz since the last reset